鞋子品牌中文名 - Statistics

General Stats
  • This quiz has been taken 453 times
  • The average score is 11 of 16
Answer Stats
Picture Answer % Correct
耐克
100%
阿迪达斯
98%
乔丹
93%
李宁
91%
安踏
87%
特步
87%
鸿星尔克
86%
彪马
83%
回力
66%
匹克
63%
斯凯奇
62%
匡威
59%
斐乐
59%
亚瑟士
49%
足力健
36%
帝酷适
1%
No matching quizzes found
Score Distribution
Percent of People with Each Score
Percentile by Number Answered
Your Score History
You have not taken this quiz